=LDR 00000nam 2200000 4500 =001 INLIS000000000018130 =005 20130612113319 =008 ***********************************Ind** =035 ##$$0010-061300000018130 =041 ##$$a Ind =082 ##$$a 618.2 =090 ##$$a 618.2, Tan s =100 ##$$a Tanjung, Thamrin =245 ##$$a Soal soal ilmu kebidanan fisiologi, oleh Dr.M. Thamrin Tanjung ; editor, Sr. Peter Anugrah =260 ##$$a 1993 $b Jakarta =300 ##$$a xiii, 228 hlm, 20 cm =650 ##$$a Fisiologi =850 ##$$a NBPNMAT =990 ##$$a 93459/BPAP-NTB/2014 =990 ##$$a 0001/BPAP-NTB/2016